Fire Emblem Engage Characters - Statistics

General Stats
  • This quiz has been taken 173 times
  • The average score is 29 of 36
Answer Stats
Unit Name % Correct
Alear
97%
Framme
92%
Clanne
89%
Ivy
89%
Diamant
88%
Alcryst
87%
Alfred
87%
Chloé
87%
Louis
86%
Céline
85%
Yunaka
85%
Etie
83%
Fogado
83%
Hortensia
83%
Jade
83%
Lapis
83%
Vander
83%
Boucheron
81%
Citrinne
81%
Panette
81%
Rosado
81%
Amber
80%
Veyle
80%
Kagetsu
79%
Goldmary
78%
Pandreo
78%
Anna
77%
Jean
77%
Merrin
76%
Zelkov
76%
Mauvier
75%
Timmera
74%
Bunet
73%
Saphir
69%
Lindon
63%
Seadall
61%
No matching quizzes found
Score Distribution
Percent of People with Each Score
Percentile by Number Answered
Your Score History
You have not taken this quiz